Marine Scotland (Record no. 81381)

MARC details
000 -LEADER
fixed length control field 00992cad a22002055a 4500
001 - CONTROL NUMBER
control field E147097
008 - FIXED-LENGTH DATA ELEMENTS--GENERAL INFORMATION
fixed length control field 090401e20090401xxk s000 0 eng d
035 ## - SYSTEM CONTROL NUMBER
System control number (Sirsi) u147097
041 0# - LANGUAGE CODE
Language code of text/sound track or separate title eng
110 2# - MAIN ENTRY--CORPORATE NAME
Corporate name or jurisdiction name as entry element Scotland
Subordinate unit Scottish Government
9 (RLIN) 5344
245 00 - TITLE STATEMENT
Title Marine Scotland
Medium [electronic resource]
260 ## - PUBLICATION, DISTRIBUTION, ETC.
Date of publication, distribution, etc. 2009
490 ## - SERIES STATEMENT
Series statement Scottish Government News Release
Volume/sequential designation 1 April 2009
520 ## - SUMMARY, ETC.
Summary, etc. Marine Scotland, which will manage and regulate marine acitivities in Scotland, is operational from today. The organisation will bring together functions curretly divided between the Fisheries Research Services, the Scottish Fisheries Protection Agency and the Scottish Government's Marine Directorate.
590 ## - LOCAL NOTE (RLIN)
Local note KA
651 #4 - SUBJECT ADDED ENTRY--GEOGRAPHIC NAME
Geographic name Scotland
Chronological subdivision 1999-
690 ## - LOCAL SUBJECT ADDED ENTRY--TOPICAL TERM (OCLC, RLIN)
Topical term or geographic name as entry element PROPERTY-RURAL AND NATURAL ASSETS-MARINE RESOURCES-MARINE RESOURCE MANAGEMENT
856 40 - ELECTRONIC LOCATION AND ACCESS
Uniform Resource Identifier <a href="https://www.scotland.gov.uk/News/Releases/2009/04/31145353">https://www.scotland.gov.uk/News/Releases/2009/04/31145353</a>
Public note View the news release free of charge at www.scotland.gov.uk...
942 ## - ADDED ENTRY ELEMENTS (KOHA)
Suppress in OPAC 0
Holdings
Withdrawn status Lost status Source of classification or shelving scheme Damaged status Not for loan Home library Current library Shelving location Date acquired Total Checkouts Full call number Barcode Date last seen Copy number Price effective from Koha item type
    Dewey Decimal Classification     Virtual Virtual Online 01/04/2009   ONLINE PUBLICATION 147097-2001 06/08/2019 1 06/08/2019 Journal article